| 000 | 01312namaa22003131i 4500 | ||
|---|---|---|---|
| 003 | EG-GICUC | ||
| 005 | 20260226114613.0 | ||
| 008 | 260226s1996 ye ||||jr|||| 000 0 ara d | ||
| 040 |
_aEG-GiCUC _bara _cEG-GiCUC _dEG-GiCUC _erda |
||
| 043 | _aa----ye | ||
| 082 | 0 | 4 |
_221 _a953.21 _bQ11 |
| 092 | 0 | 4 |
_221 _a953.21 _bQ11 |
| 099 | _a953.21 Q11 | ||
| 100 | 1 |
_aبن القاسم، يحيي بن الحسين _eمؤلف. |
|
| 245 | 1 | 0 |
_aيوميات صنعاء : _bفى القرن الحادى عشر / _cللمؤرخ يحيي بن الحسين بن القاسم ؛ تحقيق عبد الله بن محمد الحبشى |
| 250 | _aالطبعة الاولى | ||
| 264 |
_aأبو ظبى (الامارات العربية المتحدة) : _bمنشورات المجمع الثقافى، _c1996. |
||
| 300 |
_a497 صفحة ؛ _c24 سم |
||
| 336 |
_2rdacontent _atext |
||
| 337 |
_2rdamedia _aUnmediated |
||
| 338 |
_2rdacarrier _avolume |
||
| 504 | _aيشتمل على ارجاعات ببليوجرافية | ||
| 541 |
_aد. جابر عصفور ؛ _bالقاهرة ؛ _cإهداء ؛ _d2024. |
||
| 650 | 1 | _2qrmak | |
| 651 | 1 |
_2qrmak _aاليمن _xتاريخ _yالعصر الحديث _zصنعاء |
|
| 700 | 1 |
_aالحبشى، عبد الله بن محمد _eمحقق. |
|
| 905 | _aNermeen | ||
| 942 |
_2ddc _cBK _e21 _n0 |
||
| 999 |
_c178755 _d178755 |
||